000 00929nam a2200265 i 4500
001 1725353
003 EG-ScBUE
005 20251210092355.0
008 750401t1974 nyua f b 001 0 eng
020 _a0677041101
040 _aEG-ScBUE
_beng
_erda
_cEG-ScBUE
_dEG-ScBUE
082 0 4 _a547.59
_222
_bIRG
100 1 _aIrgolic, Kurt J.,
_99479
_eauthor.
245 1 4 _aThe organic chemistry of tellurium /
_cKurt J. Irgolic, Department of Chemistry, Texas A&M University, College Station, Texas.
264 1 _aNew York :
_bGordon and Breach Science Publishers,
_c[1974]
264 4 _cc1974
300 _axiv, 452 pages :
_billustrations ;
_c24 cm
336 _2rdacontent
_atext
_btxt
337 _aunmediated
_2rdamedia
_bn
338 _avolume
_bnc
_2rdacarrier
504 _aIncludes bibliographical references and index.
650 7 _aOrganotellurium compounds.
_99480
_2BUEsh
655 _vReading book
942 _2ddc
_cBB
999 _c12943
_d12943